| 000 | 01108cam a2200349 a 4500 | ||
|---|---|---|---|
| 001 | 109498 | ||
| 005 | 20230410103902.0 | ||
| 008 | 080521s2008 enkab b 001 0 eng d | ||
| 035 | _a15298979 | ||
| 925 | 0 |
_aacquire _b2 shelf copies _xpolicy default |
|
| 942 |
_2lcc _cbk |
||
| 010 | _a 2008273758 | ||
| 015 |
_aGBA788265 _2bnb |
||
| 016 | 7 |
_a014235287 _2Uk |
|
| 020 | _a9780521850285 (hbk.) | ||
| 020 | _a0521850282 (hbk.) | ||
| 020 | _a9780521615389 (pbk.) | ||
| 020 | _a0521615380 (pbk.) | ||
| 035 | _a(OCoLC)ocn166357536 | ||
| 040 |
_aUKM _cUKM _dBTCTA _dYDXCP _dBAKER _dBWKUK _dSUC _dOCLCG _dIXA _dDLC |
||
| 042 |
_aukblcatcopy _alccopycat |
||
| 043 | _aa-is--- | ||
| 050 | 1 | 4 |
_a416 DS 126.5 _bS556a 2008 |
| 082 | 0 | 0 | _a956.94 |
| 100 | 1 |
_aShindler, Colin, _d1946- |
|
| 245 | 1 | 2 |
_aA history of modern Israel / _cColin Shindler. |
| 260 |
_aCambridge ; _aNew York : _bCambridge University Press, _c2008. |
||
| 300 |
_axxviii, 371 p. : _bill., maps. ; _c23 cm. |
||
| 504 | _aIncludes bibliographical references (p. 351-355) and index. | ||
| 651 | 0 |
_aIsrael _xHistory. |
|
| 651 | 4 |
_aIsrael _xHistoria. |
|
| 999 |
_c27749 _d27749 |
||